|
|
|
|
| LEADER |
01124nam a2200301 a 4500 |
| 001 |
000543673 |
| 003 |
CZ BrMZK |
| 005 |
20000105143423.0 |
| 007 |
ta |
| 008 |
871228s1987 xr f 000 m cze d |
| 015 |
|
|
|a cnb000034754
|
| 020 |
|
|
|q (Váz.)
|
| 035 |
|
|
|a (OCoLC)20658733
|
| 040 |
|
|
|a BOA001
|b cze
|
| 080 |
|
|
|a 885.0-311.3
|2 MRF
|
| 100 |
1 |
|
|a Neff, Vladimír,
|d 1909-1983
|7 jk01082908
|4 aut
|
| 245 |
1 |
0 |
|a Zlá krev /
|c Vladimír Neff ; doslov Blahoslav Dokoupil ; typografie Rostislav Vaněk
|
| 250 |
|
|
|a 7. vyd.
|
| 260 |
|
|
|a Praha :
|b Československý spisovatel,
|c 1987
|
| 300 |
|
|
|a 317 s. ;
|c 21 cm
|
| 490 |
1 |
|
|a Knihovna české prózy 1945-1985
|
| 500 |
|
|
|a 3. díl pentalogie, pokračuje 4. díl Veselá vdova
|
| 700 |
1 |
|
|a Dokoupil, Blahoslav,
|d 1952-2008
|7 jn20000400487
|4 aut
|
| 830 |
|
0 |
|a Knihovna české prózy 1945-1985
|0 s
|
| 856 |
4 |
1 |
|u http://www.digitalniknihovna.cz/mzk/uuid/uuid:9ef32970-58bf-11e2-a66b-005056827e52
|y Digitalizovaný dokument
|x NDK
|
| 910 |
|
|
|a BOA001
|b 2-0922.778
|
| 990 |
|
|
|a BK
|
| 996 |
6 |
|
|b 2619721859
|c 2-0922.778
|l MZK
|r Sklad / do 1 hodiny
|n 25
|w 000543673
|u 000010
|a 1
|e BOA001
|j MZK50
|s P
|